| 000 | 01782cad a22002415a 4500 | ||
|---|---|---|---|
| 001 | E149667 | ||
| 008 | 100407s2010 xxk g 000 0 eng d | ||
| 035 | _a(Sirsi) u149667 | ||
| 041 | 0 | _aeng | |
| 110 | 2 |
_aUnited Kingdom _bDepartment for Business, Innovation and Skills _95760 |
|
| 245 | 0 | 0 |
_aConsultation on amendments to the Scheme for Construction Contracts (England and Wales) Regulations 1998 _h[electronic resource] |
| 260 |
_aLondon _bDBIS _c2010 |
||
| 505 | 2 | _aIntroduction -- The proposals -- Consequential proposals -- Supplementary proposals -- Impact assessment -- Consultation response form -- Annex A, draft statutory instrument -- Annex B, consultation code of practice | |
| 520 | _aIf construction contracts do not comply with the requirements set out in the Housing Grants, Construction and Regeneration Act 1996 Part II, then the Scheme for Construction Contracts (England and Wales) Regulations 1998 applies. This consultation sets out proposed changes to the Scheme, as a consequence of the Local Democracy, Economic Development and Construction Act 2009 Part 8, which amends the payment and adjudication provisions of the 1996 Act. Deadline for comments is 18 June 2010. | ||
| 590 | _aKA | ||
| 650 | 2 | 4 | _aSCHEME FOR CONSTRUCTION CONTRACTS (ENGLAND AND WALES) REGULATIONS 1998 |
| 650 | 2 | 4 | _aLOCAL DEMOCRACY, ECONOMIC DEVELOPMENT AND CONSTRUCTION ACT 2009 PART 8 |
| 650 | 2 | 4 | _aHOUSING GRANTS, CONSTRUCTION AND REGENERATION ACT 1996 PART II |
| 651 | 4 |
_aEngland and Wales _y1543- |
|
| 690 | _aMANAGEMENT-PROJECT MANAGEMENT-CONTRACT ADMINISTRATION | ||
| 856 | 4 | 0 |
_uhttps://www.bis.gov.uk/assets/biscore/business-sectors/docs/10-826-consultation-construction-contracts-regulations.pdf _zView this consultation free of charge at www.bis.gov.uk |
| 942 | _n0 | ||
| 999 |
_c110594 _d110594 |
||